Way ahead for tall buildings (Record no. 70116)

MARC details
000 -LEADER
fixed length control field 01114cam a2200217 4500
001 - CONTROL NUMBER
control field WB3816-04
008 - FIXED-LENGTH DATA ELEMENTS--GENERAL INFORMATION
fixed length control field 020430n2002 000 0 eng u
035 ## - SYSTEM CONTROL NUMBER
System control number (Sirsi) u117757
245 ## - TITLE STATEMENT
Title Way ahead for tall buildings
260 ## - PUBLICATION, DISTRIBUTION, ETC.
Date of publication, distribution, etc. 2002
490 ## - SERIES STATEMENT
Series statement Corporation of London News Release
Volume/sequential designation 16 April 2002, (1)
520 ## - SUMMARY, ETC.
Summary, etc. A new report commissioned by the Corporation of London argues that well-designed tall buildings can be more sustainable than other buildings. "Tall buildings, sustainability and the city" looks at materials, building design, energy efficiency and construction techniques to discover how best practice can improve environmental sustainability. Report available from http://www.cityoflondon.gov.uk/business_city/research_statistics/reports/29.htm. http://www.cityoflondon.gov.uk/media_centre/files/67_02.htm
590 ## - LOCAL NOTE (RLIN)
Local note WB
650 ## - SUBJECT ADDED ENTRY--TOPICAL TERM
Topical term or geographic name entry element TALL BUILDINGS
650 ## - SUBJECT ADDED ENTRY--TOPICAL TERM
Topical term or geographic name entry element Sustainability
9 (RLIN) 6271
650 ## - SUBJECT ADDED ENTRY--TOPICAL TERM
Topical term or geographic name entry element CORPORATION OF LONDON
650 ## - SUBJECT ADDED ENTRY--TOPICAL TERM
Topical term or geographic name entry element ENERGY EFFICIENCY
650 ## - SUBJECT ADDED ENTRY--TOPICAL TERM
Topical term or geographic name entry element BUILT ENVIRONMENT-CONSTRUCTION DESIGN
690 ## - LOCAL SUBJECT ADDED ENTRY--TOPICAL TERM (OCLC, RLIN)
Topical term or geographic name as entry element BUILT ENVIRONMENT-SUSTAINABLE CONSTRUCTION
942 ## - ADDED ENTRY ELEMENTS (KOHA)
Suppress in OPAC 0
Holdings
Withdrawn status Lost status Source of classification or shelving scheme Damaged status Not for loan Home library Current library Shelving location Date acquired Total Checkouts Full call number Barcode Date last seen Copy number Price effective from Koha item type
    Dewey Decimal Classification     London London News article 30/04/2002   WB3816-04 117757-1001 06/08/2019 1 06/08/2019 News article